| Поле | Название | Значение |
| |
Тип записи |
a |
| |
Библиографический уровень |
m |
| 001 |
Контрольный номер |
4723df945e724a5d9868f7d719b6a3ce |
| 005 |
Дата корректировки |
20140919123938.8 |
| 010 |
Индекс ISBN |
__ |
| a |
ISBN |
978-5-7598-0450-5 |
| 101 |
Язык документа |
0_ |
| a |
Язык текста |
rus |
| 102 |
Страна публикации |
__ |
| a |
Страна публикации |
RU |
| 200 |
Заглавие и сведения об ответственности |
1_ |
| a |
Заглавие |
Обучение самопрезентации |
| b |
Общее обозначение материала |
Текст |
| e |
Сведения, относящиеся к заглавию |
Учебное пособие |
| f |
Первые сведения об ответственности |
Е.В. Михайлова; Государственный университет - Высшая школа экономики |
| 205 |
Сведения об издании |
__ |
| a |
Основные сведения об издании |
2-е изд. |
| 210 |
Выходные данные |
1_ |
| a |
Место издания |
М. |
| c |
Издательство |
Издательский дом ГУ ВШЭ |
| d |
Дата издания |
2007 |
| 215 |
Физическое описание |
__ |
| a |
Объем |
167,[1] с. |
| 610 |
Ключевые слова |
0_ |
| a |
Ключевые слова |
самопрезентация |
| a |
Ключевые слова |
теория самопрезентации |
| a |
Ключевые слова |
исследование самопрезентации |
| a |
Ключевые слова |
методы обучения самопрезентации |
| 686 |
Индексы других классификаций |
__ |
| a |
Классификационный индекс |
88.37 |
| 700 |
Автор |
_1 |
| a |
Фамилия |
Михайлова |
| b |
Имя |
Е.В. |
| 801 |
Источник записи |
_0 |
| a |
Страна |
RU |
| b |
Организация |
РУК |
| g |
Правила каталогизации |
PSBO |
| 801 |
Источник записи |
_1 |
| a |
Страна |
RU |
| b |
Организация |
РУК |
| g |
Правила каталогизации |
PSBO |
| 852 |
Данные о местонахождении |
__ |
| i |
Авторский знак |
М 69 |
| j |
Шифр хранения |
ББК 88.37 |
| 901 |
Тип документа |
__ |
| t |
Тип документа |
m |
| 937 |
Технологическая информация |
__ |
| a |
Создатель записи (имя) |
ОрловаОВ |
| 938 |
Служебная информация |
__ |
| a |
Название организации |
Смоленский филиал |
| 952 |
Тип литературы |
__ |
| c |
Вид литературы |
учебное пособие |